Physical electronics and circuit models of transistors
Tallennettuna:
| Päätekijä: | |
|---|---|
| Muut tekijät: | , , |
| Aineistotyyppi: | Kirja |
| Julkaistu: |
New York, New York : Willey
1964.
|
| Sarja: | Semiconductor Electronics Education Committee books ; v. 2
|
| Aiheet: | |
| Tagit: |
Lisää tagi
Ei tageja, Lisää ensimmäinen tagi!
|
MARC
| LEADER | 00000nam a2200000Ia 4500 | ||
|---|---|---|---|
| 003 | 000332 | ||
| 005 | 20221231144022.0 | ||
| 008 | 140114s1964 us a 000 ||e d | ||
| 040 | |c cru CEDI | ||
| 082 | |a 621.381.51 G781p | ||
| 100 | |c Gray, Paul E. |9 18373 | ||
| 245 | |a Physical electronics and circuit models of transistors | ||
| 260 | |a New York, New York : Willey |c 1964. | ||
| 300 | |a xx, 262 páginas : ilustraciones | ||
| 440 | |a Semiconductor Electronics Education Committee books ; v. 2 |9 18374 | ||
| 650 | |x DIODOS |x TRANSISTORES DE UNION |9 18375 | ||
| 700 | |9 18376 |a DeWitt, David | ||
| 700 | |9 18367 |a Boothroyd, A.R. | ||
| 700 | |9 18377 |a Gibbons, James F. | ||
| 942 | |2 ddc |c BK | ||
| 999 | |c 15699 |d 15699 | ||
